Najmniej chrześcijańskie państwa z wyjątkami - Statystyki

Ogólne statystyki
  • Ten quiz został rozwiązany 314 razy
  • Średni wynik to 9 z 14
Statystyki odpowiedzi
% Państwo % Poprawnych
2.3 - 4.0 Chiny
92%
2.3 Indie
86%
2.3 Japonia
84%
1.7 Korea Północna
73%
8.2 Wietnam
70%
1.2 Tajlandia
65%
2.2 Laos
64%
1.0 Kambodża
61%
0.9 Nepal
61%
2.1 Mongolia
59%
1.0 Bhutan
55%
6.2 Mjanma
55%
7.5 Sri Lanka
44%
3.5 Izrael
31%
Nie znaleziono quizów pasujących do podanych kryteriów
Rozkład punktacji
Procent ludzi z każdym wynikiem
Percentyl według liczby udzielonych odpowiedzi
Twoja historia wyników
Nie rozwiązałeś tego quizu